[Event "Cannes op"]
[Site "Cannes"]
[Date "1998.??.??"]
[Round "4"]
[White "Mrdja, Milan"]
[Black "Ashley, Maurice"]
[Result "1/2-1/2"]
[WhiteElo "2380"]
[BlackElo "2500"]
[PlyCount "82"]
[EventDate "1998.02.21"]
[EventType "swiss"]
[EventRounds "9"]
[EventCountry "FRA"]
[SourceTitle "CBM 063 Extra"]
[Source "ChessBase"]
[SourceDate "1998.04.29"]
[SourceVersion "1"]
[SourceVersionDate "1998.04.29"]
[SourceQuality "1"]

1. e4 c5 2. Nf3 d6 3. d4 cxd4 4. Nxd4 Nf6 5. Nc3 Nc6 6. Bg5 e6 7. Qd2 a6 8.
O-O-O h6 9. Be3 Bd7 10. f3 b5 11. Nxc6 Bxc6 12. Ne2 Be7 13. Kb1 Rc8 14. Nd4 Bb7
15. g4 Nd7 16. Be2 Qc7 17. h4 h5 18. gxh5 Rxh5 19. Bg5 Qb6 20. Rhg1 Bxg5 21.
Rxg5 Rxg5 22. Qxg5 Qc5 23. c3 Qxg5 24. hxg5 Ke7 25. Rh1 Nf8 26. Kc2 Rc5 27. Rg1
Ng6 28. Kd2 d5 29. b4 Rc8 30. exd5 Bxd5 31. a4 bxa4 32. Bxa6 Ra8 33. Bd3 Ne5
34. f4 Nxd3 35. Kxd3 Rh8 36. Nb5 Bc6 37. Nd4 Rh3+ 38. Kd2 Rh2+ 39. Kd3 Rh3+ 40.
Kd2 Rh2+ 41. Kd3 Rh3+ 1/2-1/2

[Event "Cannes op"]
[Site "Cannes"]
[Date "1998.??.??"]
[Round "5"]
[White "Ashley, Maurice"]
[Black "Skripchenko, Almira"]
[Result "1-0"]
[WhiteElo "2500"]
[BlackElo "2400"]
[PlyCount "53"]
[EventDate "1998.02.21"]
[EventType "swiss"]
[EventRounds "9"]
[EventCountry "FRA"]
[SourceTitle "CBM 063 Extra"]
[Source "ChessBase"]
[SourceDate "1998.04.29"]
[SourceVersion "1"]
[SourceVersionDate "1998.04.29"]
[SourceQuality "1"]

1. d4 d5 2. c4 dxc4 3. Nf3 a6 4. e3 e6 5. Bxc4 c5 6. O-O Nf6 7. Bd3 Nc6 8. Nc3
b6 9. a3 Bb7 10. dxc5 Bxc5 11. b4 Be7 12. Bb2 O-O 13. Qe2 b5 14. e4 Nd7 15. e5
Qc7 16. Rfe1 Rfd8 17. Rad1 Rac8 18. h4 h6 19. Bb1 Nf8 20. Rc1 Qb6 21. Ne4 a5
22. Nf6+ Bxf6 23. exf6 g6 24. Rc5 axb4 25. Qe3 e5 26. Qxh6 Ne6 27. Ng5 1-0

[Event "Cannes op"]
[Site "Cannes"]
[Date "1998.??.??"]
[Round "6"]
[White "Mirzoev, Azer"]
[Black "Ashley, Maurice"]
[Result "0-1"]
[WhiteElo "2430"]
[BlackElo "2500"]
[PlyCount "146"]
[EventDate "1998.02.21"]
[EventType "swiss"]
[EventRounds "9"]
[EventCountry "FRA"]
[SourceTitle "CBM 063 Extra"]
[Source "ChessBase"]
[SourceDate "1998.04.29"]
[SourceVersion "1"]
[SourceVersionDate "1998.04.29"]
[SourceQuality "1"]

1. d4 d5 2. Nf3 Nf6 3. c4 dxc4 4. e3 e6 5. Bxc4 a6 6. O-O c5 7. dxc5 Qxd1 8.
Rxd1 Bxc5 9. b3 O-O 10. Bb2 Nbd7 11. Nbd2 b5 12. Be2 Bb7 13. a4 bxa4 14. Rxa4
Rfb8 15. Rda1 Nb6 16. R4a2 Nbd5 17. Be5 Rd8 18. Nc4 Nb4 19. Rd2 Bd5 20. Rdd1 h6
21. Nfd2 Ne4 22. Nxe4 Bxe4 23. Rxd8+ Rxd8 24. Rd1 Rxd1+ 25. Bxd1 f6 26. Bc3 Kf7
27. Nd2 Bd3 28. g4 Nd5 29. Ba5 Ke7 30. Kg2 Bxe3 31. Kf3 Bd4 32. Be2 Bxe2+ 33.
Kxe2 Kd7 34. Ne4 Kc6 35. Bd2 Be5 36. h4 f5 37. gxf5 exf5 38. Ng3 Bxg3 39. fxg3
h5 40. Kd3 Kc5 41. Bg5 Nf6 42. Bd2 Ne4 43. Bf4 Kd5 44. Bb8 Kc5 45. Be5 g6 46.
Kc2 Kb4 47. Kb2 Kc5 48. Kc2 Kd5 49. Bb8 Kd4 50. Ba7+ Kd5 51. Bb8 Nf2 52. Kc3
Ke4 53. Kb4 Kf3 54. Ka5 Nd3 55. b4 Kg4 56. Bd6 Kf3 57. Bc7 Kg2 58. Bd6 Kf2 59.
Bc7 Kf3 60. Bd6 Kg4 61. Bb8 g5 62. hxg5 Kxg5 63. Bd6 Kg4 64. Bc7 f4 65. gxf4 h4
66. f5 Kxf5 67. Bh2 h3 68. Kxa6 Nxb4+ 69. Kb5 Nc2 70. Kc4 Ke4 71. Kc3 Ne3 72.
Bb8 Nd5+ 73. Kd2 Nf4 0-1

[Event "Cannes op"]
[Site "Cannes"]
[Date "1998.??.??"]
[Round "8"]
[White "Gallagher, Joseph G"]
[Black "Ashley, Maurice"]
[Result "0-1"]
[WhiteElo "2490"]
[BlackElo "2500"]
[PlyCount "94"]
[EventDate "1998.02.21"]
[EventType "swiss"]
[EventRounds "9"]
[EventCountry "FRA"]
[SourceTitle "CBM 063 Extra"]
[Source "ChessBase"]
[SourceDate "1998.04.29"]
[SourceVersion "1"]
[SourceVersionDate "1998.04.29"]
[SourceQuality "1"]

1. e4 c5 2. Nf3 d6 3. d4 cxd4 4. Nxd4 Nf6 5. Nc3 Nc6 6. Bg5 e6 7. Qd2 a6 8.
O-O-O h6 9. Be3 Bd7 10. f4 b5 11. Bd3 Be7 12. Kb1 O-O 13. h3 Nxd4 14. Bxd4 b4
15. Ne2 Bc6 16. Qe3 Qb8 17. Ng3 Re8 18. Bxf6 Bxf6 19. Nh5 Bh4 20. e5 dxe5 21.
fxe5 Qa7 22. Qf4 Qe7 23. Rhf1 Bb5 24. Qg4 Qg5 25. Qf3 Bxd3 26. Rxd3 Qg6 27. Rd4
Rac8 28. Qe2 Bg5 29. h4 Red8 30. Rxd8+ Bxd8 31. Nf4 Qh7 32. g3 Be7 33. Nd3 Qg6
34. Qf3 Rf8 35. Qb7 Bd8 36. Qxb4 Qxg3 37. Nf4 Qg4 38. Qd4 Bxh4 39. Rg1 Qf5 40.
a4 Rd8 41. Qc4 Qxe5 42. Rf1 Bf6 43. c3 Rd2 44. Ka1 Qf5 45. Qxa6 Qc2 46. Rb1
Bxc3 47. Qb5 Rd4 0-1

[Event "New York op"]
[Site "New York"]
[Date "1998.03.18"]
[Round "5"]
[White "Ashley, Maurice"]
[Black "Bareev, Evgeny"]
[Result "1/2-1/2"]
[WhiteElo "2500"]
[BlackElo "2675"]
[Annotator "Mueller,Karsten"]
[PlyCount "82"]
[EventDate "1998.03.16"]
[EventType "swiss"]
[EventRounds "9"]
[EventCountry "USA"]
[SourceTitle "CBM 064"]
[Source "ChessBase"]
[SourceDate "1998.06.02"]
[SourceVersion "1"]
[SourceVersionDate "1998.06.02"]
[SourceQuality "1"]

1. e4 c6 2. d4 d5 3. exd5 cxd5 4. Bd3 Nc6 5. c3 Nf6 6. Bf4 Bg4 7. Qb3 Qd7 8.
Nd2 e6 9. Ngf3 Bxf3 10. Nxf3 Bd6 (10... Nh5 11. Ne5 (11. Bg3 Bd6 (11... Nxg3
12. hxg3 Bd6 13. Qc2 $11 {Kubecka,D-Valenta,V/Moravka opJ 1994/EXT 94op/0-1 
(60)}) 12. Bxd6 Qxd6 13. O-O Nf4 14. Rfd1 O-O $11 {0-1 Damjanovic,M-Dorfman,J/
Vilnius 1978/MCD-r7 (42)}) (11. Be5 Be7 12. O-O O-O 13. Qc2 g6 14. Qd2 f6 15.
Bg3 Nxg3 16. hxg3 $11 {1/2-1/2 Zhuravliov,V-Fridman,D/Vilnius zt 1993/CBM 35 
(27)}) 11... Qc7 12. Be3 Bd6 13. Qd1 Nf6 (13... Bxe5 14. Qxh5 Bf4 $11 {0-1
Horvath,A-Liang Chong/WchJM-U14 Szeged 1994/TD 94\01 (60)}) 14. f4 Ne4 15. Bxe4
dxe4 16. Qc2 f6 17. Nxc6 Qxc6 18. O-O $11 {1/2-1/2 Browne,W-Pomar Salamanca,A/
Madrid 1973/MCL 07 (26)}) (10... a6 11. a4 (11. O-O Be7 12. Rfe1 O-O 13. Ne5
Qc8 14. Re3 $14 {Schneider,L-Jhunjhnuwala,R/Buenos Aires olm 1978/MCD-ol/1-0 
(58)}) 11... Nh5 (11... Be7 12. h3 O-O 13. O-O Bd6 14. Bxd6 Qxd6 15. Rfe1 Nd7
16. Qc2 h6 17. Re3 $14 {1-0 Trabert,B-Dahl,I/Nordic-chT Slupsk 1987/EXT 87ch 
(31)}) 12. Ne5 Nxe5 13. Bxe5 Be7 14. Qd1 Nf6 15. O-O O-O 16. Qc2 $14 {Tatar
Kis,S-Obran,H/Balatonbereny op 1995/EXP 49/1-0 (56)}) (10... Na5 11. Qc2 Bd6
12. Bxd6 Qxd6 13. O-O O-O 14. Rae1 Rac8 15. Ne5 $14 {1-0 Roos,L-Denis,L/
FRA-chT 1989/TD 89\03 (40)}) (10... Be7 11. Ne5 Qc8 12. O-O O-O 13. Rae1 $14 {
1/2-1/2 Survila,R-Jocys,D/LTU-ch Vilnius 1996/EXP 53 (34)}) 11. Bxd6 (11. Ne5
Qc7 12. Bb5 (12. O-O) 12... O-O $11 {0-1 Freyre,J-Kutirov,R/Moscow olm 1994/
EXP 44 (48)}) (11. Be5 Qc7 (11... O-O 12. Qc2 h6 13. Bxf6 gxf6 14. Nh4 Rac8 15.
Qe2 $132 {0-1 Garcia Gomez,P-Gamundi,A/Linares op 1995/EXP 45 (33)}) 12. Bxf6 (
12. Bxd6 Qxd6 13. O-O O-O 14. Rae1 Nd7 15. Re3 $14 {Salamon,W-Robert,A/Biel-C
1990/EXT 90/1/2-1/2 (55)}) (12. O-O Bxe5 13. Nxe5 Nxe5 14. dxe5 Nd7 15. Bb5 O-O
16. Bxd7 Qxd7 $11 {1-0 Kokanovic,K-Todorovic,O/JUG-chT Cetinje 1990/EXT 90ch 
(33)}) 12... gxf6 13. O-O-O O-O-O 14. Kb1 $11 {1/2-1/2 Hamdouchi,H-Brunner,L/
Biel izt 1993/CBM 37 (26)}) (11. Bg3 O-O 12. O-O Bxg3 13. hxg3 Qc7 (13... Qd6)
14. Rfe1 Rab8 15. Qc2 b5 16. a3 a5 17. Ne5 {1/2-1/2 Smirin,I-Khalifman,A/
Elenite 1994/CBM 44}) 11... Qxd6 12. O-O (12. Qxb7 Rb8 13. Qa6 O-O (13... Rxb2
$2 14. Bb5 Rxb5 15. Qxb5 O-O 16. O-O $16 {1/2-1/2 Hoepfl,T-Holl,M/Regensburg
op 1996/EXT 96op2 (29)}) 14. Bb5 $6 Rb6 15. Qa4 Ne7 16. b3 Ne4 17. Rc1 Rc8 18.
Bd3 Ng6 (18... Rb4 $2 19. Qxa7 Nxc3 20. Qa3 $16) (18... Nxc3 $4 19. Rxc3 $18)
19. Ne5 (19. Bxe4 $2 dxe4 20. Ne5 Nxe5 21. dxe5 Qd3 $17) (19. O-O $6 Nf4 $1 20.
Ne5 Nxd3 21. Nxd3 Nxc3 $15) 19... Nc5 $1 (19... Nxc3 $6 20. Bxg6 fxg6 21. Qa5
Qb4 22. Qxb4 Rxb4 23. Nf3 $14) 20. dxc5 Qxe5+ 21. Kd2 Rxc5 22. g3 Qb8 $15 {
0-1 Morozevich,A-Oll,L/FIDE-Wch k.o. 1997/CBM 63/[Mueller,Karsten] (48) der
unsicher stehende Kцnig wird WeiЯ in der Folge noch schwer zu schaffen machen})
12... Rb8 (12... O-O 13. Qxb7 (13. Rfe1 Rab8 (13... Nd7 14. Qc2 g6 15. Qe2 $14
{Ploetz,W-Fischer,S/BL2-O 1993/BL2/1-0 (86)}) 14. Ne5 (14. a4 Rfc8 15. Ne5 {
1/2-1/2 Gipslis,A-Bagirov,V/Riga 1981/MCD-r8}) 14... b5 15. a3 a5 16. f4 (16.
Bxb5 Na7 17. a4 Qb6 $11 {1/2-1/2 Dudek,R-Fischer,S/BL2-S 1996/BL2 (28)}) 16...
b4 17. axb4 axb4 18. Qd1 bxc3 19. bxc3 $132 {1/2-1/2 Medvegy,N-Lakos,N/EU-chJW
U18 Zagan 1995/EXT 95ch2 (22)}) (13. Rae1 Qc7 14. Qd1 a6 15. Ne5 b5 {1/2-1/2
Sorin,A-Sanchez Almeyra,J/Olot op 1992/TD 92\09}) 13... Rab8 14. Qa6 Rb6 15.
Qa4 (15. Qa3 Qxa3 16. bxa3 Rfb8 $44 {Bundrock,T-Holzapfel,D/BL2-N 1992/BL2/1-0
(84)}) 15... Rxb2 $11 {1/2-1/2 Brynell,S-Hansen,L/Haninge 1992/CBM 30 (22)})
13. Rae1 (13. a4 O-O 14. a5 Rfe8 15. Rfe1 Nd7 {1/2-1/2 Yakovich,Y-Hodgson,J/
Sochi 1986/MCL 02}) 13... O-O 14. Ne5 Nd7 (14... b5 15. a3 a5 16. f4 (16. Bxb5
Ne4 (16... Na7 $2 17. a4 Rb6 18. c4 $1 $16) 17. Nxc6 Qxc6 18. a4 Nd6 $11 {
1/2-1/2 Torre,E-Adorjan,A/Shenzhen 1992/CBM 31/[Blatny,P] (29)}) 16... b4 17.
axb4 axb4 18. Qd1 $132 {Benjamin,J-Christiansen,L/USA-ch/zt South Bend 1981/
MCD-ch/1-0 (61)}) (14... Rfc8 15. f4 b5 16. a3 a5 17. Bxb5 Na7 18. a4 Nxb5 19.
axb5 Qb6 20. f5 Qxb5 {1/2-1/2 Kuksov,V-Telman,V/Simferopol Army-ch 1989/EXT
89ch2}) 15. Qc2 $6 {den Bauern h7 gegen ein Zentralbauern zu tauschen, gefдllt
mir nicht.} (15. f4 $5) 15... Ndxe5 16. dxe5 Nxe5 17. Bxh7+ Kh8 18. Re3 Ng4 19.
Rh3 Nh6 20. Bd3 f5 21. Qd2 Rf6 22. Rd1 b5 23. Rh4 a5 24. a3 Kg8 25. Qe2 Qc6 26.
Rd4 {der weiЯe Angriff am Kцnigsflьgel ist zu Ende und nun liegen die Trьmpfe 
(besonders am Damenflьgel) bei Schwarz. Die weiЯe Stellung weist allerdings
nur wenige Schwдchen auf, so daЯ es Bareev nicht gelingt, sie zu knacken.} Nf7
27. Bb1 Nd6 28. Ba2 Nc4 (28... Qc5 $2 29. Rxd5 exd5 30. Rxd5 $18) 29. Bxc4 bxc4
30. f4 $1 $11 Qc7 31. g3 Rh6 32. R1d2 Kf7 33. Qd1 Rhh8 34. Re2 Qc5 35. Kg2 Rb7
36. Rf2 Qc6 37. Qf3 Rb6 38. Rdd2 Qb7 39. Kh1 Qc6 40. Kg2 Rb3 41. Kg1 Qc5
1/2-1/2

[Event "New York op"]
[Site "New York"]
[Date "1998.??.??"]
[Round "9"]
[White "Ashley, Maurice"]
[Black "Eljanov, Vladimir"]
[Result "1/2-1/2"]
[WhiteElo "2500"]
[BlackElo "2265"]
[PlyCount "61"]
[EventDate "1998.03.16"]
[EventType "swiss"]
[EventRounds "9"]
[EventCountry "USA"]
[SourceTitle "EXT 1999"]
[Source "ChessBase"]
[SourceDate "1998.11.16"]
[SourceVersion "1"]
[SourceVersionDate "1998.11.16"]
[SourceQuality "1"]

1. e4 c5 2. Nf3 e6 3. d4 cxd4 4. Nxd4 a6 5. Bd3 Nf6 6. O-O Qc7 7. Kh1 d6 8. Be3
Be7 9. a4 b6 10. Nc3 Bb7 11. f4 Nc6 12. Qf3 O-O 13. Qg3 Nh5 14. Qf3 Nf6 15. Qg3
Nh5 16. Qh3 Nxf4 17. Rxf4 Nxd4 18. Bxd4 e5 19. Nd5 Bxd5 20. exd5 g6 21. Bc3
exf4 22. Qh6 f6 23. Bxg6 hxg6 24. Qxg6+ Kh8 25. Qh6+ Kg8 26. Qg6+ Kh8 27. Ra3
Qd7 28. Qh6+ Kg8 29. Qg6+ Kh8 30. Qh6+ Kg8 31. Qg6+ 1/2-1/2

[Event "World op 26th"]
[Site "Philadelphia"]
[Date "1998.06.27"]
[Round "1"]
[White "Hummel, Patrick"]
[Black "Ashley, Maurice"]
[Result "0-1"]
[WhiteElo "2225"]
[BlackElo "2500"]
[PlyCount "128"]
[EventDate "1998.06.27"]
[EventType "swiss"]
[EventRounds "9"]
[EventCountry "USA"]
[SourceTitle "EXT 1999"]
[Source "ChessBase"]
[SourceDate "1998.11.16"]
[SourceVersion "1"]
[SourceVersionDate "1998.11.16"]
[SourceQuality "1"]

1. d4 d5 2. c4 dxc4 3. Nf3 Nf6 4. e3 e6 5. Bxc4 a6 6. O-O c5 7. Bd3 cxd4 8.
exd4 Be7 9. Nc3 b5 10. a4 b4 11. Ne4 O-O 12. Bg5 Nbd7 13. Ne5 Bb7 14. Nxd7 Nxd7
15. Bxe7 Qxe7 16. Rc1 Rfc8 17. Qh5 Bxe4 18. Bxe4 g6 19. Qa5 Rxc1 20. Rxc1 Ra7
21. Rc6 Qh4 22. Bf3 Qxd4 23. Qd8+ Kg7 24. Rc8 Kh6 25. h4 Qf6 26. Qxf6 Nxf6 27.
a5 Rd7 28. Rc6 Rd2 29. b3 Rd3 30. Rxa6 Rxb3 31. Rb6 Ra3 32. a6 Nd5 33. Bxd5
exd5 34. Rxb4 Rxa6 35. Rd4 Rd6 36. Kh2 Kg7 37. Kg3 h5 38. Kf4 Kf6 39. Rd3 Rd7
40. Re3 Rc7 41. g3 Rc4+ 42. Kf3 Rc6 43. Kf4 Re6 44. Ra3 Re4+ 45. Kf3 Kf5 46.
Ra7 f6 47. Rd7 Ke6 48. Rg7 Kf5 49. Rd7 Ke6 50. Rg7 Re5 51. Ra7 g5 52. Ra4 Re1
53. Ra6+ Kf5 54. Rd6 g4+ 55. Kg2 Ke5 56. Rd8 Kd4 57. Rd6 Kc5 58. Rxf6 d4 59.
Rf5+ Kc4 60. Rxh5 d3 61. Rh8 d2 62. Rc8+ Kb5 63. Rd8 d1=Q 64. Rxd1 Rxd1 0-1

[Event "World op 26th"]
[Site "Philadelphia"]
[Date "1998.06.28"]
[Round "2"]
[White "Ashley, Maurice"]
[Black "Salomon, Eugene J"]
[Result "1-0"]
[WhiteElo "2500"]
[BlackElo "2200"]
[PlyCount "75"]
[EventDate "1998.06.27"]
[EventType "swiss"]
[EventRounds "9"]
[EventCountry "USA"]
[SourceTitle "EXT 1999"]
[Source "ChessBase"]
[SourceDate "1998.11.16"]
[SourceVersion "1"]
[SourceVersionDate "1998.11.16"]
[SourceQuality "1"]

1. e4 c6 2. d4 d5 3. exd5 cxd5 4. Bd3 Nc6 5. c3 Nf6 6. Bf4 Bg4 7. Qb3 Qc8 8.
Nd2 e6 9. Ngf3 Bh5 10. Ne5 Be7 11. O-O O-O 12. Rae1 Rd8 13. Bg5 Bg6 14. Nxg6
hxg6 15. Qd1 Nh7 16. Bxe7 Nxe7 17. Nf3 Nc6 18. Re3 Qc7 19. Rfe1 Rab8 20. Qe2
Rd6 21. h4 Nf8 22. Ng5 Qe7 23. f4 Nd8 24. h5 gxh5 25. Qxh5 g6 26. Qh4 f6 27.
Nxe6 Rxe6 28. Rxe6 Ndxe6 29. f5 g5 30. Qh2 Re8 31. fxe6 Nxe6 32. Bg6 Rd8 33.
Bf5 Rd6 34. Qh3 Kf7 35. c4 dxc4 36. d5 Rxd5 37. Qh7+ Kf8 38. Qh8+ 1-0

[Event "World op 26th"]
[Site "Philadelphia"]
[Date "1998.06.29"]
[Round "3"]
[White "Gulko, Boris F"]
[Black "Ashley, Maurice"]
[Result "1-0"]
[WhiteElo "2585"]
[BlackElo "2500"]
[PlyCount "95"]
[EventDate "1998.06.27"]
[EventType "swiss"]
[EventRounds "9"]
[EventCountry "USA"]
[SourceTitle "EXT 1999"]
[Source "ChessBase"]
[SourceDate "1998.11.16"]
[SourceVersion "1"]
[SourceVersionDate "1998.11.16"]
[SourceQuality "1"]

1. c4 g6 2. d4 Nf6 3. Nc3 d5 4. Nf3 Bg7 5. Qb3 dxc4 6. Qxc4 O-O 7. e4 a6 8. Be2
b5 9. Qb3 c5 10. dxc5 Bb7 11. O-O Nxe4 12. Nxe4 Bxe4 13. Rd1 Qc7 14. Be3 Nc6
15. a4 b4 16. Nd4 Be5 17. h3 e6 18. Nxc6 Bxc6 19. Bd4 Bxd4 20. Rxd4 Qe5 21. Qe3
Qxe3 22. fxe3 a5 23. Bb5 Rfc8 24. Rc1 Rc7 25. Bxc6 Rxc6 26. Rd6 Rc7 27. Rb6 Kg7
28. c6 Kf6 29. Rb7 Rac8 30. Rxc7 Rxc7 31. Rc5 b3 32. e4 e5 33. Kf2 Ke6 34. Kf3
Kd6 35. Rxa5 Rxc6 36. Rd5+ Ke6 37. Rb5 Rc4 38. a5 Ra4 39. Rb6+ Ke7 40. a6 Kf8
41. Ke3 Kg7 42. Kd3 f5 43. exf5 gxf5 44. Kc3 e4 45. Kxb3 Ra1 46. Kc3 h5 47. Kd4
Re1 48. Rb3 1-0

[Event "World op 26th"]
[Site "Philadelphia"]
[Date "1998.06.30"]
[Round "4"]
[White "Ashley, Maurice"]
[Black "Ritvin, Stanislav"]
[Result "1-0"]
[WhiteElo "2500"]
[BlackElo "2205"]
[PlyCount "71"]
[EventDate "1998.06.27"]
[EventType "swiss"]
[EventRounds "9"]
[EventCountry "USA"]
[SourceTitle "EXT 1999"]
[Source "ChessBase"]
[SourceDate "1998.11.16"]
[SourceVersion "1"]
[SourceVersionDate "1998.11.16"]
[SourceQuality "1"]

1. e4 e6 2. d4 d5 3. exd5 exd5 4. c4 Nf6 5. Nc3 Bb4 6. Bd3 Nbd7 7. Nge2 dxc4 8.
Bxc4 Nb6 9. Bb3 O-O 10. O-O Bg4 11. f3 Bf5 12. Ng3 Bg6 13. f4 Bxc3 14. bxc3 Be4
15. f5 Bd5 16. Bg5 h6 17. Bf4 Bxb3 18. axb3 Nbd5 19. Bd2 Re8 20. Qf3 c6 21. c4
Nb6 22. Qf4 Kh7 23. Kh1 Nbd7 24. h3 a5 25. Ra3 a4 26. Rxa4 Rxa4 27. bxa4 Qa8
28. a5 Qa6 29. Rc1 b6 30. axb6 Nxb6 31. Qh4 Ng8 32. Ne4 f6 33. Qg4 Ne7 34. Bxh6
Nxf5 35. Qxf5+ Kxh6 36. Nxf6 1-0

[Event "World op 26th"]
[Site "Philadelphia"]
[Date "1998.07.01"]
[Round "5"]
[White "Ashley, Maurice"]
[Black "Weeramantry, Sunil"]
[Result "1-0"]
[WhiteElo "2500"]
[BlackElo "2240"]
[PlyCount "86"]
[EventDate "1998.06.27"]
[EventType "swiss"]
[EventRounds "9"]
[EventCountry "USA"]
[SourceTitle "EXT 1999"]
[Source "ChessBase"]
[SourceDate "1998.11.16"]
[SourceVersion "1"]
[SourceVersionDate "1998.11.16"]
[SourceQuality "1"]

1. e4 d6 2. d4 g6 3. Nc3 Bg7 4. Be3 c6 5. Qd2 b5 6. Bd3 a6 7. Nce2 Nd7 8. f3
Qc7 9. Nh3 c5 10. c3 e5 11. O-O Ndf6 12. Nf2 Ne7 13. a4 Rb8 14. axb5 axb5 15.
b4 c4 16. Bc2 O-O 17. f4 Nd7 18. fxe5 dxe5 19. Ng4 f6 20. Bh6 Qb6 21. Kh1 Qe6
22. h3 Bb7 23. Bxg7 Kxg7 24. Qh6+ Kh8 25. Ra5 Bxe4 26. Bxe4 f5 27. Nxe5 fxe4
28. Nf4 Rxf4 29. Rxf4 Nf5 30. Rxf5 Qxf5 31. Ra7 g5 32. Qxg5 Qf1+ 33. Kh2 Rg8
34. Qd2 e3 35. Qc2 e2 36. Nf7+ Qxf7 37. Qxe2 Qf4+ 38. Kh1 Nf6 39. Rb7 Nd5 40.
Kg1 Qc1+ 41. Kh2 Qf4+ 42. Kg1 Nxc3 43. Qe7 Qxd4+ 1-0

[Event "World op 26th"]
[Site "Philadelphia"]
[Date "1998.??.??"]
[Round "6"]
[White "Dunne, Alex"]
[Black "Ashley, Maurice"]
[Result "0-1"]
[WhiteElo "2300"]
[BlackElo "2500"]
[PlyCount "98"]
[EventDate "1998.06.27"]
[EventType "swiss"]
[EventRounds "9"]
[EventCountry "USA"]
[SourceTitle "EXT 1999"]
[Source "ChessBase"]
[SourceDate "1998.11.16"]
[SourceVersion "1"]
[SourceVersionDate "1998.11.16"]
[SourceQuality "1"]

1. d4 g6 2. e4 Bg7 3. Nf3 d6 4. Nc3 a6 5. Be2 b5 6. a4 b4 7. Nd5 a5 8. O-O Bb7
9. Re1 Nd7 10. Bc4 Ngf6 11. Bf4 O-O 12. c3 c6 13. Nxe7+ Qxe7 14. e5 dxe5 15.
dxe5 Qc5 16. exf6 Nxf6 17. Qb3 Ba6 18. Bxa6 Rxa6 19. Re5 Qb6 20. Be3 Qb8 21.
Qc4 Ra8 22. Qxc6 bxc3 23. bxc3 Qb2 24. Re1 Rfc8 25. Qb5 Qxc3 26. Rc1 Qa3 27.
Rxc8+ Rxc8 28. h3 Ra8 29. Qb7 Qa1+ 30. Kh2 Ng4+ 31. hxg4 Bxe5+ 32. g3 Rb8 33.
Qd5 Bf6 34. g5 Bg7 35. Qxa5 Qd1 36. Nd2 Qh5+ 37. Kg2 Qg4 38. Qa7 Qc8 39. a5 Ra8
40. Qb6 Ra6 41. Qb3 Qa8+ 42. Kf1 Rxa5 43. Nc4 Ra4 44. Nb6 Ra1+ 45. Ke2 Ra2+ 46.
Kd3 Qa5 47. Qd5 Ra3+ 48. Kc2 Rc3+ 49. Kd1 Qxd5+ 0-1

[Event "World op 26th"]
[Site "Philadelphia"]
[Date "1998.07.03"]
[Round "7"]
[White "Ashley, Maurice"]
[Black "Hahn, Anna"]
[Result "1/2-1/2"]
[WhiteElo "2500"]
[BlackElo "2260"]
[PlyCount "63"]
[EventDate "1998.06.27"]
[EventType "swiss"]
[EventRounds "9"]
[EventCountry "USA"]
[SourceTitle "EXT 1999"]
[Source "ChessBase"]
[SourceDate "1998.11.16"]
[SourceVersion "1"]
[SourceVersionDate "1998.11.16"]
[SourceQuality "1"]

1. e4 c5 2. Nf3 Nc6 3. Bb5 e6 4. O-O Nge7 5. b3 Ng6 6. Bb2 f6 7. d4 cxd4 8.
Nxd4 Bc5 9. c3 O-O 10. Nd2 a6 11. Bd3 Qc7 12. Re1 b6 13. Rc1 Bb7 14. Bf1 Nce7
15. g3 f5 16. b4 Bd6 17. Nc4 Be5 18. Nxe5 Nxe5 19. f4 Nc4 20. exf5 Nxf5 21.
Bxc4 Qxc4 22. Nxf5 Rxf5 23. Qxd7 Bd5 24. Rcd1 Rf7 25. Qd6 Qxa2 26. Rd2 b5 27.
Qe5 Qc4 28. Rd4 Qc6 29. Rd2 Rc8 30. c4 bxc4 31. Bc3 Qb6+ 32. Qd4 1/2-1/2

[Event "US Masters op"]
[Site "Hawaii"]
[Date "1998.??.??"]
[Round "1"]
[White "Pruner, Earl W"]
[Black "Ashley, Maurice"]
[Result "0-1"]
[WhiteElo "2290"]
[BlackElo "2500"]
[PlyCount "58"]
[EventDate "1998.07.??"]
[EventType "swiss"]
[EventRounds "9"]
[EventCountry "USA"]
[SourceTitle "EXT 1999"]
[Source "ChessBase"]
[SourceDate "1998.11.16"]
[SourceVersion "1"]
[SourceVersionDate "1998.11.16"]
[SourceQuality "1"]

1. d4 d5 2. c4 dxc4 3. Nf3 Nf6 4. e3 e6 5. Bxc4 a6 6. O-O c5 7. Bd3 cxd4 8.
exd4 Be7 9. Nc3 O-O 10. Bg5 b5 11. Rc1 Bb7 12. Bb1 Nc6 13. Re1 Rc8 14. Qd2 Nb4
15. Qf4 Bxf3 16. Qxf3 Nbd5 17. Ne4 Rxc1 18. Rxc1 Nxe4 19. Qxe4 g6 20. Bxe7 Qxe7
21. Rc5 Rd8 22. a4 Nf6 23. Qd3 bxa4 24. Qc3 e5 25. Bd3 exd4 26. Qa5 Rb8 27. Rc7
Qd6 28. Bc4 Nd7 29. g3 d3 0-1

[Event "US Masters op"]
[Site "Hawaii"]
[Date "1998.??.??"]
[Round "2"]
[White "Ashley, Maurice"]
[Black "Rogers, Ian"]
[Result "0-1"]
[WhiteElo "2500"]
[BlackElo "2570"]
[PlyCount "70"]
[EventDate "1998.07.??"]
[EventType "swiss"]
[EventRounds "9"]
[EventCountry "USA"]
[SourceTitle "EXT 1999"]
[Source "ChessBase"]
[SourceDate "1998.11.16"]
[SourceVersion "1"]
[SourceVersionDate "1998.11.16"]
[SourceQuality "1"]

1. e4 d5 2. exd5 Qxd5 3. Nc3 Qa5 4. g3 Nf6 5. Bg2 c6 6. Nge2 Bf5 7. b4 Qc7 8.
b5 a6 9. bxc6 Nxc6 10. O-O e5 11. d3 h6 12. Be3 Rd8 13. Qb1 b5 14. a4 b4 15.
Nd1 Be7 16. a5 Nd4 17. Nxd4 exd4 18. Bf4 Qd7 19. Nb2 Nd5 20. Bd2 Nc3 21. Bxc3
dxc3 22. Nc4 Qc7 23. Qd1 O-O 24. Qh5 Be6 25. Rae1 Bg5 26. Rxe6 fxe6 27. f4 b3
28. cxb3 e5 29. Be4 exf4 30. Qg6 Rf6 31. Qh7+ Kf7 32. Re1 f3 33. Kf1 c2 34. d4
f2 35. Ra1 c1=Q+ 0-1

[Event "US Masters op"]
[Site "Hawaii"]
[Date "1998.07.23"]
[Round "3"]
[White "Chavira, Wilmer"]
[Black "Ashley, Maurice"]
[Result "1-0"]
[WhiteElo "2230"]
[BlackElo "2490"]
[PlyCount "61"]
[EventDate "1998.07.??"]
[EventType "swiss"]
[EventRounds "9"]
[EventCountry "USA"]
[SourceTitle "EXT 1999"]
[Source "ChessBase"]
[SourceDate "1998.11.16"]
[SourceVersion "1"]
[SourceVersionDate "1998.11.16"]
[SourceQuality "1"]

1. e4 c5 2. Nf3 d6 3. d4 cxd4 4. Nxd4 Nf6 5. Nc3 Nc6 6. f3 e6 7. Be3 a6 8. Qd2
Qc7 9. O-O-O Be7 10. g4 b5 11. g5 Nd7 12. Qf2 Nce5 13. f4 Ng4 14. Qe2 Nxe3 15.
Qxe3 Nc5 16. Bd3 b4 17. Nce2 Bd7 18. Kb1 a5 19. h4 a4 20. h5 Qa7 21. Bc4 b3 22.
cxb3 axb3 23. a3 Nxe4 24. Qxe4 d5 25. Bxd5 exd5 26. Qe5 f6 27. Qxd5 Bxa3 28.
Nb5 Bxb5 29. Qxb5+ Kf8 30. Rd7 Qe3 31. Qd5 1-0